| 000 | 00602nam a2200181 i 4500 | ||
|---|---|---|---|
| 001 | 62011 | ||
| 003 | ES-MaACL | ||
| 005 | 20230906164606.0 | ||
| 007 | t| | ||
| 008 | 031117s1948 sz ||||1| ger d | ||
| 100 | 1 |
_aFanconi, Guido. _948786 |
|
| 245 | 1 | 0 |
_aStreptomycin und tuberkulose / _cherausgegen von G. Fanconi und W. Löffler ; unter mitwirkung von J. Barth ... [et al.]. |
| 260 |
_aBasel : _bBenno Schawabe et Co, _c1948 ( _eSwitzerland) |
||
| 300 |
_a357 p., 2 lám. : _bil. ; _c25 cm. |
||
| 700 | 1 |
_aLöffler, W. _973118 |
|
| 700 | 1 |
_aBarth, J. _926102 |
|
| 852 |
_aES-MaACL _jC-5568 _bR.26228 |
||
| 999 |
_c62011 _d62011 |
||